000 00788nam a2200193Ia 4500
003 GCL
008 140319s9999 xx 000 0 ara d
040 _aGCL /
_cGCL
082 0 4 _a819.4
_bد ع
100 1 _aابن قتيبة الدينورى : ابو محمد عبد الله بن مسلم
245 1 0 _aالمختار من عيون الاخبار (هدية من الاديب عبدالفتاح الجمل) /
_cابن قتيبة الدينورى : ابو محمد عبد الله بن مسلم
260 _aالقاهرة :
_bوزارة الثقافة والارشاد القومى ،
_c1973
300 _aمتعدد
490 _aماذا اعرف
_v0
650 0 4 _aالادب العربى
650 0 4 _aالادب
650 0 4 _aالبلاغة العربية
942 _2ddc
_cCF
999 _c27088
_d27088